| 000 | 00708nam a22002177a 4500 | ||
|---|---|---|---|
| 005 | 20150701123659.0 | ||
| 008 | 140714b xxu||||| |||| 00| 0 Urdu d | ||
| 010 | _aUR-9141 | ||
| 020 |
_c300.00 _a9789350734445 |
||
| 035 | _aU-7696 | ||
| 037 | _bDBAD | ||
| 040 |
_aDPL _bUrdu |
||
| 082 | _a840.8 | ||
| 100 | _aا نجم ما نپو ر ی | ||
| 245 |
_aمير کلو کی گو ا ہی _cا نجم ما نپو ر ی |
||
| 246 | h |
_aMeer Kalu ki Gawahi _bBy Anjum Maanpuri |
|
| 260 |
_bEducational Publishing House _c2014 _aDelhi |
||
| 270 |
_a3108,Vakil street, Kucha Pandit, Lal Kuan, _bDelhi _k23216162 _e110006 |
||
| 300 |
_a272ص _c22Cm (Hb) |
||
| 942 |
_2ddc _cUR _e _h840.8 _mا ن ج |
||
| 999 |
_c94587 _d94587 |
||